000 00839cam a2200337L 4500
001 101080
005 20230410143201.0
008 091111s1994 sp 000 u spa d
035 _a(OCoLC)ocn464866456
040 _aDKDLA
_bdan
_cDKDLA
020 _a842532498X
020 _a9788425324987
029 0 _aDKDLA
_b20454929
029 1 _aDKDLA
_b28314754
035 _a(OCoLC)464866456
041 0 _aspa
084 _a=60
_a929
_a323.2(460)
_a(460)
_2z
049 _aGRAL
050 1 4 _abP937f 1994
100 1 _aPreston, Paul.
245 1 0 _aFranco :
_b"Caudillo de EspaƱa".
260 _aBarcelona :
_bGrijalbo,
_c1994.
300 _a1043 s.
650 4 _abiografier.
650 4 _apolitisk historie.
650 4 _aSpanien.
650 4 _apolitiske forhold.
942 _2lcc
_cbk
946 _aMAT
994 _aC0
_bDRFGD
999 _c97284
_d97284